000 00670nam a2200181Ia 4500
008 151018s9999 xx 000 0 und d
082 _bRBASDV1496
_a891.433
100 _aरामवृक्ष बेनिपुरी
245 _aरोजा-लुव-जेम्बुग
250 _b1
260 _bनॅशनल इ अंड पब्लिक लि .
_c1941
300 _a25
600 _aरामवृक्ष बेनिपुरी
630 _aरोजा-लुव-जेम्बुग
700 _aरामवृक्ष बेनिपुरी
730 _aरोजा-लुव-जेम्बुग
942 _cBOOK
999 _c1003925
_d1003922